Retrieving effectively from source memory: Evidence for differentiation and local matching processes (Record no. 174796)

MARC details
000 -LEADER
fixed length control field 02234nam a2200181Ia 4500
005 - DATE AND TIME OF LATEST TRANSACTION
control field 20241022113409.0
008 - FIXED-LENGTH DATA ELEMENTS--GENERAL INFORMATION
fixed length control field 241022s9999 xx 000 0 und d
040 ## - CATALOGING SOURCE
Transcribing agency LDD
100 ## - MAIN ENTRY--PERSONAL NAME
Personal name Aytac, Sinem
245 #0 - TITLE STATEMENT
Title Retrieving effectively from source memory: Evidence for differentiation and local matching processes
260 ## - PUBLICATION, DISTRIBUTION, ETC.
Place of publication, distribution, etc. Amherst
Name of publisher, distributor, etc. Elsevier
Date of publication, distribution, etc. 2024
490 ## - Journal
Journal Cognitive Psychology
Volume/sequential designation 149
500 ## - GENERAL NOTE
General note The ability to distinguish between different explanations of human memory abilities continues to be the subject of many ongoing theoretical debates. These debates attempt to account for a growing corpus of empirical phenomena in item-memory judgments, which include the list strength effect, the strength-based mirror effect, and output interference. One of the main theoretical contenders is the Retrieving Effectively from Memory (REM) model. We show that REM, in its current form, has difficulties in accounting for source-memory judgments – a situation that calls for its revision. We propose an extended REM model that assumes a local-matching process for source judgments alongside source differentiation. We report a first evaluation of this model’s predictions using three experiments in which we manipulated the relative source-memory strength of different lists of items. Analogous to item-memory judgments, we observed a null list strength effect and a strength-based mirror effect in the case of source memory. In a second evaluation, which relied on a novel experiment alongside two previously published datasets, we evaluated the model’s predictions regarding the manifestation of output interference in item and lack of it in source memory judgments. Our results showed output interference severely affecting the accuracy of item-memory judgments but having a null or negligible impact when it comes to source-memory judgments. Altogether, these results support REM’s core notion of differentiation (for both item and source information) as well as the concept of local matching proposed by the present extension.
650 ## - SUBJECT ADDED ENTRY--TOPICAL TERM
Topical term or geographic name entry element Psychology
700 ## - ADDED ENTRY--PERSONAL NAME
Personal name Kilic, AsliCriss, Amy H.Kellen, David
856 ## - ELECTRONIC LOCATION AND ACCESS
Uniform Resource Identifier <a href="https://www.sciencedirect.com/science/article/abs/pii/S0010028523000750">https://www.sciencedirect.com/science/article/abs/pii/S0010028523000750</a>
942 ## - ADDED ENTRY ELEMENTS (KOHA)
Koha item type Article
Holdings
Date last seen Total checkouts Price effective from Koha item type Lost status Damaged status Not for loan Withdrawn status Home library Current library Date acquired
10/22/2024   10/22/2024 Article         Library and Documentation Division NCERT Library and Documentation Division NCERT 10/22/2024